Statistiques concernant Devine la nationalité du joueur #3

Cliquez ici pour prendre le quiz!

Statistiques générales

  • Ce quiz a été pris 133 fois
  • Le résultat moyen est 8 sur 9

Statistiques - réponses

Réponse% Correct
Corée du Sud
98%
Norvège
98%
Italie
95%
Japon
95%
Maroc
94%
Nigeria
90%
Colombie
83%
Géorgie
82%
Serbie
78%

Distribution des résultats

Percentile par nombre de réponses

% des personnes avec chaque résultat

Votre développement - résultats

Vous n’avez pas pris ce quiz